African language studies. (Record no. 42899)
[ view plain ]
| 000 -LEADER | |
|---|---|
| fixed length control field | 00629nam a22002171a 4500 |
| 001 - CONTROL NUMBER | |
| control field | 495172 |
| 005 - DATE AND TIME OF LATEST TRANSACTION | |
| control field | 20131118154742.0 |
| 008 - FIXED-LENGTH DATA ELEMENTS--GENERAL INFORMATION | |
| fixed length control field | 801211s1960 enk 000 0 eng d |
| 015 ## - NATIONAL BIBLIOGRAPHY NUMBER | |
| National bibliography number | GB60-18520 |
| 020 ## - INTERNATIONAL STANDARD BOOK NUMBER | |
| International Standard Book Number | 0954416X |
| 035 ## - SYSTEM CONTROL NUMBER | |
| System control number | (OCoLC)ocm07031006 |
| 040 ## - CATALOGING SOURCE | |
| Original cataloging agency | TMN |
| Transcribing agency | TMN |
| Modifying agency | UKM |
| 110 2# - MAIN ENTRY--CORPORATE NAME | |
| Corporate name or jurisdiction name as entry element | University of London. School of Oriental |
| 245 10 - TITLE STATEMENT | |
| Title | African language studies. |
| Medium | [Text] |
| 260 ## - PUBLICATION, DISTRIBUTION, ETC. (IMPRINT) | |
| Place of publication, distribution, etc | [London] |
| Name of publisher, distributor, etc | School of Oriental and A |
| Date of publication, distribution, etc | 1970 |
| 300 ## - PHYSICAL DESCRIPTION | |
| Extent | 2 v. |
| 440 #0 - SERIES STATEMENT/ADDED ENTRY--TITLE | |
| Title | Collected papers in Oriental and African |
| 500 ## - GENERAL NOTE | |
| General note | Edited by M. Guthrie. |
| 650 #0 - SUBJECT ADDED ENTRY--TOPICAL TERM | |
| Topical term or geographic name as entry element | African languages. |
| 700 1# - ADDED ENTRY--PERSONAL NAME | |
| Personal name | Guthrie, Malcolm, |
| Dates associated with a name | 1903- |
| Withdrawn status | Lost status | Source of classification or shelving scheme | Damaged status | Not for loan | Collection code | Home library | Current library | Shelving location | Date acquired | Source of acquisition | Cost, normal purchase price | Full call number | Barcode | Date last seen | Copy number | Price effective from | Koha item type |
|---|---|---|---|---|---|---|---|---|---|---|---|---|---|---|---|---|---|
| Library of Congress Classification | Special Collection | AIU/NEGST - Tony Wilmot Memorial Library | AIU/NEGST - Tony Wilmot Memorial Library | Special Collection | 02/12/2010 | Donation- SIL | 27.00 | S PL 8003.A34A85 1970 | R41875M3232 | 09/26/2019 | 1 | 02/12/2010 | Africana Collection (Special) |
